Personality development / (Record no. 1319)
[ view plain ]
| 000 -LEADER | |
|---|---|
| fixed length control field | 00639nam a2200205 a 4500 |
| 003 - CONTROL NUMBER IDENTIFIER | |
| control field | BD-DhJNU |
| 005 - DATE AND TIME OF LATEST TRANSACTION | |
| control field | 20250213062148.0 |
| 008 - FIXED-LENGTH DATA ELEMENTS--GENERAL INFORMATION | |
| fixed length control field | 220516s9999 xx 000 0 und d |
| 020 ## - INTERNATIONAL STANDARD BOOK NUMBER | |
| International Standard Book Number | 0070993602 |
| 040 ## - CATALOGING SOURCE | |
| Original cataloging agency | BD-DhJNU |
| Language of cataloging | ENG |
| Transcribing agency | BD-DhJNU |
| Modifying agency | BD-DhJNU |
| 082 ## - DEWEY DECIMAL CLASSIFICATION NUMBER | |
| Classification number | 155.25 HUR |
| Edition number | 23 |
| 100 ## - MAIN ENTRY--PERSONAL NAME | |
| Personal name | Hurlock, Elizabeth B. |
| 245 #0 - TITLE STATEMENT | |
| Title | Personality development / |
| Statement of responsibility, etc. | Elizabeth B. Hurlock |
| 260 ## - PUBLICATION, DISTRIBUTION, ETC. | |
| Place of publication, distribution, etc. | New Delhi: |
| Name of publisher, distributor, etc. | Tata McGraw Hill Publishing Company Ltd., |
| Date of publication, distribution, etc. | 1976. |
| 300 ## - PHYSICAL DESCRIPTION | |
| Extent | viii, 503 p. : |
| Other physical details | ill. ; |
| Dimensions | 23 cm. |
| 504 ## - BIBLIOGRAPHY, ETC. NOTE | |
| Bibliography, etc. note | Includes bibliographical references and index. |
| 650 ## - SUBJECT ADDED ENTRY--TOPICAL TERM | |
| Topical term or geographic name entry element | Physical determinants |
| 650 ## - SUBJECT ADDED ENTRY--TOPICAL TERM | |
| Topical term or geographic name entry element | Psychology |
| 942 ## - ADDED ENTRY ELEMENTS (KOHA) | |
| Koha item type | Books |
| Withdrawn status | Lost status | Source of classification or shelving scheme | Damaged status | Not for loan | Collection | Home library | Current library | Shelving location | Date acquired | Source of acquisition | Total checkouts | Full call number | Barcode | Date last seen | Copy number | Price effective from | Koha item type |
|---|---|---|---|---|---|---|---|---|---|---|---|---|---|---|---|---|---|
| Dewey Decimal Classification | Non-fiction | Jagannath University Central Library | Jagannath University Central Library | General stacks | 02/13/2025 | Purchased | 155.25 HUR | JNUCL17405 | 02/13/2025 | 1 | 02/13/2025 | Books | |||||
| Dewey Decimal Classification | Non-fiction | Jagannath University Central Library | Jagannath University Central Library | General stacks | 02/13/2025 | Purchased | 155.25 HUR | JNUCL18209 | 02/13/2025 | 2 | 02/13/2025 | Books |